[Event "Deutsche Ländermeisterschaft 2022"]
[Site "Wiesbaden GER"]
[Date "2022.10.01"]
[Round "2"]
[White "Färber, David"]
[Black "Burian, Simon"]
[Result "1/2-1/2"]
[Termination "normal"]
[Board "5.1"]
[WhiteElo "2354"]
[BlackElo "2196"]
[WhiteClock "00:39:47"]
[BlackClock "00:47:48"]
[WhiteTeam "Baden 2"]
[BlackTeam "Sachsen"]
[PlyCount "51"]
[WhiteFideId "12971294"]
[BlackFideId "12956902"]
[EventCountry "GER"]
[EventRounds "7"]
[EventType "team-swiss"]
[EventDate "2022.09.30"]

1. e4 {[%clk 01:30:57]} {[%emt 00:00:01]} c6 {[%clk 01:30:51]} {[%emt
00:00:09]} 2. d4 {[%clk 01:31:15]} {[%emt 00:00:12]} d5 {[%clk 01:31:13]}
{[%emt 00:00:08]} 3. Nd2 {[%clk 01:31:37]} {[%emt 00:00:08]} dxe4 {[%clk
01:31:36]} {[%emt 00:00:08]} 4. Nxe4 {[%clk 01:31:59]} {[%emt 00:00:07]} Bf5
{[%clk 01:31:58]} {[%emt 00:00:09]} 5. Ng3 {[%clk 01:32:06]} {[%emt 00:00:23]}
Bg6 {[%clk 01:32:23]} {[%emt 00:00:05]} 6. h4 {[%clk 01:32:20]} {[%emt
00:00:16]} h6 {[%clk 01:32:49]} {[%emt 00:00:04]} 7. Nf3 {[%clk 01:32:39]}
{[%emt 00:00:11]} e6 {[%clk 01:33:14]} {[%emt 00:00:05]} 8. h5 {[%clk
01:30:47]} {[%emt 00:02:22]} Bh7 {[%clk 01:33:39]} {[%emt 00:00:05]} 9. Bd3
{[%clk 01:31:11]} {[%emt 00:00:06]} Bxd3 {[%clk 01:33:59]} {[%emt 00:00:10]}
10. Qxd3 {[%clk 01:31:34]} {[%emt 00:00:06]} Nf6 {[%clk 01:34:23]} {[%emt
00:00:07]} 11. Bd2 {[%clk 01:31:38]} {[%emt 00:00:26]} c5 {[%clk 01:34:36]}
{[%emt 00:00:17]} 12. Ne4 {[%clk 01:31:30]} {[%emt 00:00:38]} Nc6 {[%clk
01:33:25]} {[%emt 00:01:41]} 13. Bc3 {[%clk 01:31:01]} {[%emt 00:00:59]} Nb4
{[%clk 01:33:02]} {[%emt 00:00:53]} 14. Nxf6+ {[%clk 01:22:56]} {[%emt
00:08:36]} gxf6 {[%clk 01:33:23]} {[%emt 00:00:09]} 15. Qe2 {[%clk 01:09:46]}
{[%emt 00:13:39]} Nd5 {[%clk 01:27:34]} {[%emt 00:06:19]} 16. Qb5+ {[%clk
01:01:59]} {[%emt 00:08:17]} Qd7 {[%clk 01:27:55]} {[%emt 00:00:09]} 17. Qxd7+
{[%clk 01:02:21]} {[%emt 00:00:08]} Kxd7 {[%clk 01:28:18]} {[%emt 00:00:07]}
18. Bd2 {[%clk 01:02:38]} {[%emt 00:00:13]} c4 {[%clk 01:18:24]} {[%emt
00:10:24]} 19. Ke2 {[%clk 00:59:43]} {[%emt 00:03:24]} Bd6 {[%clk 01:14:30]}
{[%emt 00:04:24]} 20. g3 {[%clk 00:54:56]} {[%emt 00:05:18]} Rac8 {[%clk
01:07:50]} {[%emt 00:07:08]} 21. c3 {[%clk 00:50:15]} {[%emt 00:05:14]} b5
{[%clk 01:03:30]} {[%emt 00:04:49]} 22. a3 {[%clk 00:49:56]} {[%emt 00:00:49]}
a5 {[%clk 00:59:42]} {[%emt 00:04:18]} 23. Nh4 {[%clk 00:42:40]} {[%emt
00:07:45]} a4 {[%clk 00:55:45]} {[%emt 00:04:28]} 24. Rag1 {[%clk 00:41:52]}
{[%emt 00:01:18]} Rcg8 {[%clk 00:52:52]} {[%emt 00:03:23]} 25. Ng2 {[%clk
00:40:47]} {[%emt 00:01:34]} f5 {[%clk 00:47:48]} {[%emt 00:05:36]} 26. Kf3
{[%clk 00:39:47]} {[%emt 00:01:29]} 1/2-1/2

[Event "Deutsche Ländermeisterschaft 2022"]
[Site "Wiesbaden GER"]
[Date "2022.10.01"]
[Round "2"]
[White "Hassemeier, Mika"]
[Black "Koll, Linus"]
[Result "1/2-1/2"]
[Termination "normal"]
[Board "5.2"]
[WhiteElo "2095"]
[BlackElo "2060"]
[WhiteClock "00:28:00"]
[BlackClock "00:11:31"]
[WhiteTeam "Sachsen"]
[BlackTeam "Baden 2"]
[PlyCount "43"]
[WhiteFideId "12994880"]
[BlackFideId "12990299"]
[EventCountry "GER"]
[EventRounds "7"]
[EventType "team-swiss"]
[EventDate "2022.09.30"]

1. e4 {[%clk 01:30:59]} {[%emt 00:00:01]} c5 {[%clk 01:30:57]} {[%emt
00:00:03]} 2. Nf3 {[%clk 01:31:21]} {[%emt 00:00:07]} d6 {[%clk 01:31:24]}
{[%emt 00:00:03]} 3. d4 {[%clk 01:31:42]} {[%emt 00:00:08]} cxd4 {[%clk
01:31:51]} {[%emt 00:00:03]} 4. Nxd4 {[%clk 01:32:02]} {[%emt 00:00:10]} Nf6
{[%clk 01:32:17]} {[%emt 00:00:04]} 5. f3 {[%clk 01:32:19]} {[%emt 00:00:13]}
g6 {[%clk 01:30:52]} {[%emt 00:01:56]} 6. c4 {[%clk 01:32:27]} {[%emt
00:00:21]} Bg7 {[%clk 01:31:17]} {[%emt 00:00:05]} 7. Nc3 {[%clk 01:32:49]}
{[%emt 00:00:08]} O-O {[%clk 01:31:41]} {[%emt 00:00:06]} 8. Be3 {[%clk
01:33:04]} {[%emt 00:00:15]} Nc6 {[%emt 00:09:32]} 9. Be2 {[%emt 00:12:33]}
Nxd4 {[%clk 01:10:30]} {[%emt 00:00:19]} 10. Bxd4 {[%emt 00:00:34]} Be6 {[%emt
00:01:12]} 11. O-O {[%emt 00:15:28]} Nd7 {[%emt 00:08:12]} 12. Nd5 {[%emt
00:06:56]} Bxd4+ {[%clk 00:51:18]} {[%emt 00:00:27]} 13. Qxd4 Bxd5 14. exd5
{[%clk 01:16:11]} {[%emt 00:06:57]} Qb6 {[%clk 00:48:51]} {[%emt 00:03:22]} 15.
Qxb6 {[%clk 00:56:40]} {[%emt 00:20:01]} Nxb6 {[%clk 00:49:11]} {[%emt
00:00:10]} 16. b3 {[%clk 00:57:03]} {[%emt 00:00:07]} a5 {[%clk 00:29:03]}
{[%emt 00:20:38]} 17. Rac1 {[%clk 00:49:37]} {[%emt 00:07:56]} Rfc8 {[%clk
00:27:29]} {[%emt 00:02:04]} 18. Rfd1 {[%clk 00:41:22]} {[%emt 00:08:45]} Rc7
{[%clk 00:24:58]} {[%emt 00:03:02]} 19. Kf2 {[%clk 00:39:17]} {[%emt 00:02:34]}
Rac8 {[%clk 00:19:16]} {[%emt 00:06:13]} 20. h4 {[%clk 00:36:04]} {[%emt
00:03:43]} Nd7 {[%clk 00:15:55]} {[%emt 00:03:51]} 21. Rb1 {[%clk 00:33:37]}
{[%emt 00:02:57]} Kg7 {[%clk 00:11:31]} {[%emt 00:04:54]} 22. Rh1 {[%clk
00:28:00]} {[%emt 00:06:06]} 1/2-1/2

[Event "Deutsche Ländermeisterschaft 2022"]
[Site "Wiesbaden GER"]
[Date "2022.10.01"]
[Round "2"]
[White "Hecht, Jonas Christian"]
[Black "Heinrich, John"]
[Result "0-1"]
[Termination "normal"]
[Board "5.3"]
[WhiteElo "1852"]
[BlackElo "2139"]
[WhiteClock "00:30:14"]
[BlackClock "00:46:39"]
[WhiteTeam "Baden 2"]
[BlackTeam "Sachsen"]
[PlyCount "44"]
[WhiteFideId "16214846"]
[BlackFideId "16259491"]
[EventCountry "GER"]
[EventRounds "7"]
[EventType "team-swiss"]
[EventDate "2022.09.30"]

1. e4 {[%clk 01:30:57]} {[%emt 00:00:01]} c5 {[%clk 01:30:54]} {[%emt
00:00:05]} 2. Nf3 {[%clk 01:31:25]} {[%emt 00:00:03]} d6 {[%clk 01:31:18]}
{[%emt 00:00:06]} 3. d4 {[%clk 01:31:50]} {[%emt 00:00:05]} cxd4 {[%clk
01:31:42]} {[%emt 00:00:05]} 4. Nxd4 {[%clk 01:32:17]} {[%emt 00:00:04]} Nf6
{[%clk 01:32:04]} {[%emt 00:00:07]} 5. Nc3 {[%clk 01:32:42]} {[%emt 00:00:06]}
a6 {[%clk 01:32:28]} {[%emt 00:00:04]} 6. Be3 {[%clk 01:32:35]} {[%emt
00:00:38]} e6 {[%clk 01:32:48]} {[%emt 00:00:09]} 7. Be2 {[%clk 01:32:25]}
{[%emt 00:00:40]} Nbd7 {[%clk 01:32:41]} {[%emt 00:00:37]} 8. Nb3 {[%clk
01:23:35]} {[%emt 00:09:21]} b5 {[%clk 01:32:01]} {[%emt 00:01:09]} 9. a3
{[%clk 01:22:09]} {[%emt 00:01:57]} Bb7 {[%clk 01:32:03]} {[%emt 00:00:28]} 10.
Qd4 {[%clk 01:17:43]} {[%emt 00:04:56]} Rc8 {[%clk 01:26:30]} {[%emt 00:06:02]}
11. O-O {[%clk 01:08:52]} {[%emt 00:09:21]} e5 {[%clk 01:11:48]} {[%emt
00:15:13]} 12. Qd3 {[%clk 01:06:41]} {[%emt 00:02:41]} Nb6 {[%clk 01:11:29]}
{[%emt 00:00:48]} 13. Na5 {[%clk 00:52:04]} {[%emt 00:15:08]} Ba8 {[%clk
01:11:34]} {[%emt 00:00:24]} 14. Bg5 {[%clk 00:47:56]} {[%emt 00:04:38]} Nbd7
{[%clk 01:03:28]} {[%emt 00:08:36]} 15. Nb3 {[%clk 00:48:00]} {[%emt 00:00:26]}
h6 {[%clk 01:03:32]} {[%emt 00:00:27]} 16. Be3 {[%clk 00:46:38]} {[%emt
00:01:52]} Nb6 {[%clk 01:02:50]} {[%emt 00:01:11]} 17. a4 {[%clk 00:42:01]}
{[%emt 00:05:08]} Nxa4 {[%clk 00:57:53]} {[%emt 00:05:26]} 18. Nxa4 {[%clk
00:29:09]} {[%emt 00:13:23]} Bxe4 {[%clk 00:58:00]} {[%emt 00:00:23]} 19. Bb6
{[%clk 00:29:03]} {[%emt 00:00:36]} Bxd3 {[%clk 00:57:31]} {[%emt 00:00:59]}
20. Bxd3 {[%clk 00:29:27]} {[%emt 00:00:06]} Qd7 {[%clk 00:55:36]} {[%emt
00:02:25]} 21. Nc3 {[%clk 00:29:49]} {[%emt 00:00:08]} Qb7 {[%clk 00:47:30]}
{[%emt 00:08:37]} 22. Rxa6 {[%clk 00:30:14]} {[%emt 00:00:05]} Qxa6 {[%clk
00:46:39]} {[%emt 00:01:20]} 0-1

[Event "Deutsche Ländermeisterschaft 2022"]
[Site "Wiesbaden GER"]
[Date "2022.10.01"]
[Round "2"]
[White "Kempe, Caius Emilian"]
[Black "Semling, Julius"]
[Result "1/2-1/2"]
[Termination "normal"]
[Board "5.4"]
[WhiteElo "2030"]
[BlackElo "1801"]
[WhiteClock "00:01:10"]
[BlackClock "00:14:12"]
[WhiteTeam "Sachsen"]
[BlackTeam "Baden 2"]
[PlyCount "108"]
[WhiteFideId "16246861"]
[BlackFideId "16290160"]
[EventCountry "GER"]
[EventRounds "7"]
[EventType "team-swiss"]
[EventDate "2022.09.30"]

1. d4 {[%clk 01:30:57]} {[%emt 00:00:02]} d5 {[%clk 01:30:56]} {[%emt
00:00:04]} 2. c4 {[%clk 01:31:19]} {[%emt 00:00:08]} e6 {[%clk 01:31:24]}
{[%emt 00:00:02]} 3. Nc3 {[%clk 01:31:41]} {[%emt 00:00:08]} c6 {[%clk
01:31:50]} {[%emt 00:00:04]} 4. cxd5 {[%clk 01:31:03]} {[%emt 00:01:07]} exd5
{[%clk 01:32:09]} {[%emt 00:00:11]} 5. Qc2 {[%clk 01:30:28]} {[%emt 00:01:05]}
g6 {[%clk 01:26:25]} {[%emt 00:06:14]} 6. Nf3 {[%clk 01:24:51]} {[%emt
00:06:07]} Bf5 {[%clk 01:19:04]} {[%emt 00:07:51]} 7. Qb3 {[%clk 01:25:20]}
{[%emt 00:00:02]} Qb6 {[%clk 01:17:06]} {[%emt 00:02:28]} 8. Bf4 {[%clk
01:23:40]} {[%emt 00:02:10]} Nd7 {[%clk 01:12:35]} {[%emt 00:05:01]} 9. Qxb6
{[%clk 01:11:20]} {[%emt 00:12:50]} Nxb6 {[%clk 01:05:04]} {[%emt 00:08:01]}
10. Be5 {[%clk 01:03:56]} {[%emt 00:07:53]} f6 {[%clk 01:04:26]} {[%emt
00:01:08]} 11. Bg3 {[%clk 01:01:54]} {[%emt 00:02:32]} Bb4 {[%clk 00:54:55]}
{[%emt 00:10:01]} 12. a3 {[%clk 01:00:41]} {[%emt 00:01:43]} Bxc3+ {[%clk
00:50:14]} {[%emt 00:05:11]} 13. bxc3 {[%clk 01:01:09]} {[%emt 00:00:02]} Na4
{[%clk 00:47:25]} {[%emt 00:03:18]} 14. Rc1 {[%clk 01:00:55]} {[%emt 00:00:45]}
b5 {[%clk 00:42:26]} {[%emt 00:05:29]} 15. Nd2 {[%clk 00:59:15]} {[%emt
00:02:10]} Ne7 {[%clk 00:39:55]} {[%emt 00:03:00]} 16. f3 {[%clk 00:58:43]}
{[%emt 00:01:02]} Nc8 {[%clk 00:37:11]} {[%emt 00:03:14]} 17. e4 {[%clk
00:58:34]} {[%emt 00:00:39]} Bd7 {[%clk 00:36:54]} {[%emt 00:00:46]} 18. Be2
{[%clk 00:47:52]} {[%emt 00:11:13]} Ncb6 {[%clk 00:32:42]} {[%emt 00:04:41]}
19. O-O {[%clk 00:46:11]} {[%emt 00:02:11]} O-O {[%clk 00:30:37]} {[%emt
00:02:35]} 20. Rfe1 {[%clk 00:36:06]} {[%emt 00:10:36]} f5 {[%clk 00:25:34]}
{[%emt 00:05:34]} 21. Bd6 {[%clk 00:35:07]} {[%emt 00:01:29]} Rfe8 {[%clk
00:25:29]} {[%emt 00:00:34]} 22. Bd3 {[%clk 00:32:29]} {[%emt 00:03:08]} Kf7
{[%clk 00:20:26]} {[%emt 00:05:33]} 23. Bb1 {[%clk 00:26:26]} {[%emt 00:06:33]}
Re6 {[%clk 00:16:50]} {[%emt 00:04:06]} 24. Be5 {[%clk 00:25:51]} {[%emt
00:01:06]} Ree8 {[%clk 00:16:26]} {[%emt 00:00:55]} 25. Rf1 {[%clk 00:23:12]}
{[%emt 00:03:09]} Nb2 {[%clk 00:14:50]} {[%emt 00:02:06]} 26. exf5 {[%clk
00:21:24]} {[%emt 00:02:17]} Bxf5 {[%clk 00:14:50]} {[%emt 00:00:29]} 27. Bxf5
{[%clk 00:21:43]} {[%emt 00:00:11]} gxf5 {[%clk 00:15:19]} {[%emt 00:00:01]}
28. f4 {[%clk 00:21:56]} {[%emt 00:00:17]} Nd3 {[%clk 00:14:54]} {[%emt
00:00:55]} 29. Rc2 {[%clk 00:21:26]} {[%emt 00:01:00]} Nc4 {[%clk 00:13:59]}
{[%emt 00:01:26]} 30. Ra2 {[%clk 00:17:50]} {[%emt 00:04:05]} Rg8 {[%clk
00:12:40]} {[%emt 00:01:49]} 31. Nf3 {[%clk 00:14:23]} {[%emt 00:03:58]} h6
{[%clk 00:10:20]} {[%emt 00:02:50]} 32. Nh4 {[%clk 00:14:14]} {[%emt 00:00:39]}
Ke6 {[%clk 00:10:36]} {[%emt 00:00:13]} 33. Rf3 {[%clk 00:12:41]} {[%emt
00:02:03]} Ndxe5 {[%clk 00:08:29]} {[%emt 00:02:38]} 34. fxe5 {[%clk 00:13:10]}
{[%emt 00:00:01]} Rg5 {[%clk 00:08:33]} {[%emt 00:00:25]} 35. g3 {[%clk
00:12:06]} {[%emt 00:01:34]} a5 {[%clk 00:08:24]} {[%emt 00:00:39]} 36. Ng2
{[%clk 00:12:27]} {[%emt 00:00:10]} Rb8 {[%clk 00:07:24]} {[%emt 00:01:29]} 37.
h4 {[%clk 00:12:30]} {[%emt 00:00:27]} Rg4 {[%clk 00:07:18]} {[%emt 00:00:35]}
38. Nf4+ {[%clk 00:10:34]} {[%emt 00:02:27]} Ke7 {[%clk 00:07:45]} {[%emt
00:00:02]} 39. Nh5 {[%clk 00:10:20]} {[%emt 00:00:45]} Ke6 {[%clk 00:06:58]}
{[%emt 00:01:17]} 40. Raf2 {[%clk 00:08:34]} {[%emt 00:02:16]} Rf8 {[%clk
00:06:26]} {[%emt 00:01:02]} 41. Ra2 {[%clk 00:08:01]} {[%emt 00:01:04]} b4
{[%clk 00:05:21]} {[%emt 00:01:35]} 42. axb4 {[%clk 00:04:03]} {[%emt
00:04:28]} axb4 {[%clk 00:05:43]} {[%emt 00:00:08]} 43. Nf4+ {[%clk 00:03:59]}
{[%emt 00:00:34]} Rxf4 {[%clk 00:05:01]} {[%emt 00:01:11]} 44. Rxf4 {[%clk
00:04:16]} {[%emt 00:00:14]} b3 {[%clk 00:05:26]} {[%emt 00:00:04]} 45. Ra7
{[%clk 00:15:33]} {[%emt 00:19:13]} Rb8 {[%clk 00:22:05]} {[%emt 00:13:51]} 46.
g4 {[%clk 00:14:43]} {[%emt 00:01:19]} Ne3 {[%clk 00:21:11]} {[%emt 00:01:24]}
47. gxf5+ {[%clk 00:13:08]} {[%emt 00:02:05]} Nxf5 {[%clk 00:21:39]} {[%emt
00:00:02]} 48. Ra1 {[%clk 00:11:01]} {[%emt 00:02:37]} b2 {[%clk 00:20:59]}
{[%emt 00:01:11]} 49. Rb1 {[%clk 00:11:24]} {[%emt 00:00:07]} Rb3 {[%clk
00:19:44]} {[%emt 00:01:44]} 50. Kf2 {[%clk 00:08:35]} {[%emt 00:03:19]} Rxc3
{[%clk 00:17:22]} {[%emt 00:02:53]} 51. Rxb2 {[%clk 00:08:55]} {[%emt
00:00:09]} Rc4 {[%clk 00:17:38]} {[%emt 00:00:14]} 52. Rb6 {[%clk 00:00:38]}
{[%emt 00:08:47]} Nxd4 {[%clk 00:13:27]} {[%emt 00:04:41]} 53. Rxd4 {[%clk
00:00:46]} {[%emt 00:00:22]} Rxd4 {[%clk 00:13:54]} {[%emt 00:00:02]} 54. Rxc6+
{[%clk 00:01:10]} {[%emt 00:00:06]} Kxe5 {[%clk 00:14:12]} {[%emt 00:00:12]}
1/2-1/2

[Event "Deutsche Ländermeisterschaft 2022"]
[Site "Wiesbaden GER"]
[Date "2022.10.01"]
[Round "2"]
[White "Henninger, Claire"]
[Black "Neuhoff, Laertes"]
[Result "0-1"]
[Termination "normal"]
[Board "5.5"]
[WhiteElo "1526"]
[BlackElo "1885"]
[WhiteClock "00:04:02"]
[BlackClock "00:57:36"]
[WhiteTeam "Baden 2"]
[BlackTeam "Sachsen"]
[PlyCount "154"]
[WhiteFideId "16200659"]
[BlackFideId "16279719"]
[EventCountry "GER"]
[EventRounds "7"]
[EventType "team-swiss"]
[EventDate "2022.09.30"]

1. e4 {[%clk 01:30:59]} c5 {[%clk 01:30:44]} {[%emt 00:00:16]} 2. Nf3 {[%clk
01:31:19]} {[%emt 00:00:10]} Nc6 {[%clk 01:31:07]} {[%emt 00:00:07]} 3. d4
{[%clk 01:31:42]} {[%emt 00:00:07]} cxd4 {[%clk 01:31:31]} {[%emt 00:00:06]} 4.
Nxd4 {[%clk 01:32:05]} {[%emt 00:00:07]} Nf6 {[%clk 01:31:54]} {[%emt
00:00:09]} 5. Nc3 {[%clk 01:32:26]} {[%emt 00:00:07]} e5 {[%clk 01:32:16]}
{[%emt 00:00:08]} 6. Ndb5 {[%clk 01:31:59]} {[%emt 00:00:56]} d6 {[%clk
01:32:05]} {[%emt 00:00:41]} 7. Bg5 {[%clk 01:30:28]} {[%emt 00:02:01]} a6
{[%clk 01:32:18]} {[%emt 00:00:18]} 8. Na3 {[%clk 01:30:20]} {[%emt 00:00:37]}
b5 {[%clk 01:32:38]} {[%emt 00:00:10]} 9. Nd5 {[%clk 01:30:07]} {[%emt
00:00:43]} Be7 {[%clk 01:32:55]} {[%emt 00:00:14]} 10. Bxf6 {[%clk 01:29:41]}
{[%emt 00:00:56]} Bxf6 {[%clk 01:33:23]} {[%emt 00:00:02]} 11. c4 {[%clk
01:28:58]} {[%emt 00:01:12]} b4 {[%clk 01:25:53]} {[%emt 00:07:59]} 12. Nc2
{[%clk 01:28:19]} {[%emt 00:01:09]} Rb8 {[%clk 01:24:45]} {[%emt 00:01:38]} 13.
b3 {[%clk 01:26:59]} {[%emt 00:01:50]} O-O {[%clk 01:21:20]} {[%emt 00:03:56]}
14. Qf3 {[%clk 01:21:09]} {[%emt 00:06:19]} Be7 {[%clk 01:17:08]} {[%emt
00:04:43]} 15. g4 {[%clk 01:01:37]} {[%emt 00:20:02]} Be6 {[%clk 01:15:26]}
{[%emt 00:02:12]} 16. Rd1 {[%clk 00:46:43]} {[%emt 00:15:24]} Re8 {[%clk
01:07:36]} {[%emt 00:08:20]} 17. c5 {[%clk 00:42:14]} {[%emt 00:04:59]} Nd4
{[%emt 00:06:29]} 18. Nxd4 {[%clk 00:36:36]} {[%emt 00:06:00]} exd4 {[%clk
01:01:51]} {[%emt 00:00:26]} 19. Rxd4 {[%clk 00:33:40]} {[%emt 00:03:25]} dxc5
{[%clk 00:59:56]} {[%emt 00:02:26]} 20. Nf6+ {[%clk 00:31:46]} {[%emt
00:02:24]} Bxf6 {[%clk 01:00:07]} {[%emt 00:00:18]} 21. Rxd8 {[%clk 00:31:45]}
{[%emt 00:00:31]} Bc3+ {[%clk 00:53:25]} {[%emt 00:07:13]} 22. Rd2 {[%clk
00:15:32]} {[%emt 00:16:42]} Rbd8 {[%clk 00:49:22]} {[%emt 00:04:33]} 23. Bd3
{[%clk 00:10:54]} {[%emt 00:05:09]} Bxd2+ {[%clk 00:41:59]} {[%emt 00:07:53]}
24. Kxd2 {[%clk 00:09:33]} {[%emt 00:01:51]} c4 {[%clk 00:42:13]} {[%emt
00:00:16]} 25. bxc4 {[%clk 00:04:49]} {[%emt 00:05:13]} Bxc4 {[%clk 00:42:26]}
{[%emt 00:00:18]} 26. Rc1 {[%clk 00:02:52]} {[%emt 00:02:26]} Rxd3+ {[%clk
00:42:29]} {[%emt 00:00:27]} 27. Qxd3 {[%clk 00:03:16]} {[%emt 00:00:06]} Bxd3
{[%clk 00:42:48]} {[%emt 00:00:12]} 28. Kxd3 {[%clk 00:03:38]} {[%emt
00:00:07]} Rd8+ {[%clk 00:39:45]} {[%emt 00:03:33]} 29. Ke3 {[%clk 00:03:29]}
{[%emt 00:00:35]} Rb8 {[%clk 00:34:48]} {[%emt 00:05:30]} 30. Rc6 {[%clk
00:02:23]} {[%emt 00:01:36]} g5 {[%clk 00:34:24]} {[%emt 00:00:54]} 31. Rxa6
{[%clk 00:02:04]} {[%emt 00:00:48]} b3 {[%clk 00:34:47]} {[%emt 00:00:08]} 32.
axb3 {[%clk 00:01:47]} {[%emt 00:00:47]} Rxb3+ {[%clk 00:35:12]} {[%emt
00:00:04]} 33. Kd4 {[%clk 00:01:31]} {[%emt 00:00:46]} Rh3 {[%clk 00:34:44]}
{[%emt 00:00:58]} 34. Rf6 {[%clk 00:01:29]} {[%emt 00:00:32]} Rxh2 {[%clk
00:34:45]} {[%emt 00:00:29]} 35. Rf5 {[%clk 00:01:42]} {[%emt 00:00:17]} h6
{[%clk 00:35:09]} {[%emt 00:00:06]} 36. Ke5 {[%clk 00:01:28]} {[%emt 00:00:44]}
Rg2 {[%clk 00:34:50]} {[%emt 00:00:49]} 37. f3 {[%clk 00:01:41]} {[%emt
00:00:17]} Kg7 {[%clk 00:34:35]} {[%emt 00:00:46]} 38. Kd6 {[%clk 00:01:43]}
{[%emt 00:00:25]} Ra2 {[%clk 00:34:25]} {[%emt 00:00:42]} 39. Ke7 {[%clk
00:01:33]} {[%emt 00:00:40]} Ra7+ {[%clk 00:34:51]} {[%emt 00:00:04]} 40. Kd6
{[%clk 00:01:00]} {[%emt 00:01:03]} Ra6+ {[%clk 00:35:04]} {[%emt 00:00:16]}
41. Ke7 {[%clk 00:22:42]} {[%emt 00:08:47]} Re6+ {[%clk 01:05:15]} {[%emt
00:00:21]} 42. Kd7 {[%clk 00:22:17]} {[%emt 00:00:54]} Kg6 {[%clk 01:05:24]}
{[%emt 00:00:21]} 43. Rd5 {[%clk 00:18:12]} {[%emt 00:04:32]} Kg7 {[%clk
01:05:24]} {[%emt 00:00:34]} 44. Rf5 {[%clk 00:17:42]} {[%emt 00:01:00]} Kg6
{[%clk 01:05:45]} {[%emt 00:00:09]} 45. Rd5 {[%clk 00:16:48]} {[%emt 00:01:24]}
Kg7 {[%clk 01:06:11]} {[%emt 00:00:04]} 46. e5 {[%clk 00:15:32]} {[%emt
00:01:46]} Kf8 {[%clk 01:05:46]} {[%emt 00:00:55]} 47. Rd6 {[%clk 00:12:13]}
{[%emt 00:03:49]} Rxe5 {[%clk 01:04:22]} {[%emt 00:01:54]} 48. Rxh6 {[%clk
00:11:10]} {[%emt 00:01:33]} Kg7 {[%clk 01:04:43]} {[%emt 00:00:09]} 49. Rh2
{[%clk 00:10:41]} {[%emt 00:00:59]} Re3 {[%clk 01:04:25]} {[%emt 00:00:48]} 50.
Rf2 {[%clk 00:10:55]} {[%emt 00:00:15]} f5 {[%clk 00:54:33]} {[%emt 00:10:23]}
51. gxf5 {[%clk 00:09:37]} {[%emt 00:01:48]} Kf6 {[%clk 00:54:56]} {[%emt
00:00:06]} 52. Kd6 {[%clk 00:08:52]} {[%emt 00:01:15]} Kxf5 {[%clk 00:55:18]}
{[%emt 00:00:08]} 53. Kd5 {[%clk 00:08:35]} {[%emt 00:00:47]} Kf4 {[%clk
00:55:43]} {[%emt 00:00:05]} 54. Rh2 {[%clk 00:05:31]} {[%emt 00:03:34]} Kxf3
{[%clk 00:50:13]} {[%emt 00:06:00]} 55. Rh8 {[%clk 00:03:40]} {[%emt 00:02:21]}
g4 {[%clk 00:50:32]} {[%emt 00:00:10]} 56. Rf8+ {[%clk 00:03:52]} {[%emt
00:00:18]} Kg2 {[%clk 00:50:56]} {[%emt 00:00:07]} 57. Kd4 {[%clk 00:03:42]}
{[%emt 00:00:40]} Re7 {[%clk 00:51:18]} {[%emt 00:00:07]} 58. Kd3 {[%clk
00:03:16]} {[%emt 00:00:56]} g3 {[%clk 00:51:43]} {[%emt 00:00:06]} 59. Rg8
{[%clk 00:03:07]} {[%emt 00:00:39]} Kh2 {[%clk 00:51:39]} {[%emt 00:00:34]} 60.
Rh8+ {[%clk 00:02:14]} {[%emt 00:01:23]} Kg1 {[%clk 00:52:03]} {[%emt
00:00:05]} 61. Rg8 {[%clk 00:01:32]} {[%emt 00:01:13]} g2 {[%clk 00:52:28]}
{[%emt 00:00:05]} 62. Kd2 {[%clk 00:01:41]} {[%emt 00:00:21]} Re5 {[%clk
00:52:44]} {[%emt 00:00:13]} 63. Kd3 {[%clk 00:01:06]} {[%emt 00:01:05]} Kh2
{[%clk 00:53:04]} {[%emt 00:00:10]} 64. Rh8+ {[%clk 00:01:24]} {[%emt
00:00:12]} Kg3 {[%clk 00:53:23]} {[%emt 00:00:11]} 65. Rg8 {[%clk 00:01:45]}
{[%emt 00:00:08]} Kh3 {[%clk 00:53:46]} {[%emt 00:00:07]} 66. Kd2 {[%clk
00:00:51]} {[%emt 00:01:24]} Re4 {[%clk 00:54:03]} {[%emt 00:00:13]} 67. Kd3
{[%clk 00:01:00]} {[%emt 00:00:22]} Rg4 {[%clk 00:54:28]} {[%emt 00:00:05]} 68.
Rh8 {[%clk 00:01:16]} {[%emt 00:00:14]} Kg3 {[%clk 00:54:51]} {[%emt 00:00:07]}
69. Re8 {[%clk 00:00:48]} {[%emt 00:00:58]} g1=Q {[%clk 00:55:11]} {[%emt
00:00:10]} 70. Re3 {[%clk 00:01:15]} {[%emt 00:00:03]} Kh4 {[%clk 00:55:14]}
{[%emt 00:00:27]} 71. Ke2 {[%clk 00:01:34]} {[%emt 00:00:11]} Rg2+ {[%clk
00:55:36]} {[%emt 00:00:08]} 72. Kf3 {[%clk 00:01:56]} {[%emt 00:00:08]} Rg3+
{[%clk 00:55:59]} {[%emt 00:00:07]} 73. Kf4 {[%clk 00:02:13]} {[%emt 00:00:14]}
Qxe3+ {[%clk 00:56:23]} {[%emt 00:00:07]} 74. Kf5 {[%clk 00:02:42]} {[%emt
00:00:01]} Rg5+ {[%clk 00:56:42]} {[%emt 00:00:10]} 75. Kf6 {[%clk 00:03:08]}
{[%emt 00:00:03]} Qe5+ {[%clk 00:56:55]} {[%emt 00:00:17]} 76. Kf7 {[%clk
00:03:35]} {[%emt 00:00:04]} Rg7+ {[%clk 00:57:12]} {[%emt 00:00:13]} 77. Kf8
{[%clk 00:04:02]} {[%emt 00:00:03]} Qe7# {[%clk 00:57:36]} {[%emt 00:00:06]}
0-1